| 000 | 00412nam a2200157 a 4500 | ||
|---|---|---|---|
| 001 | 7474 | ||
| 005 | 20180713191352.0 | ||
| 008 | 140415s1988 mx 000 0 spa d | ||
| 041 | _aspa | ||
| 082 |
_a350.724 _bFIN |
||
| 245 | 0 | 0 | _aFINANCIAMIENTO DEL GASTO PUBLICO |
| 250 | _a1a ed. | ||
| 260 |
_aMEXICO : _bTRILLAS, _c1988 |
||
| 300 | _a171 | ||
| 650 | 1 | 4 |
_aADMINISTRACION PUBLICA _xGASTOS PUBLICOS |
| 999 |
_c7474 _d7474 |
||